Las matemáticas enseñadas racionalmente
Gorde:
| Egile nagusia: | |
|---|---|
| Formatua: | Liburua |
| Hizkuntza: | gaztelania |
| Argitaratua: |
Ciudad de México
UTEHA
1968
|
| Saila: | Manual UTEHA breve. Sección 17, educación, 386
|
| Gaiak: | |
| Etiketak: |
Etiketa erantsi
Etiketarik gabe, Izan zaitez lehena erregistro honi etiketa jartzen!
|
MARC
| LEADER | 00000nam a2200000 a 4500 | ||
|---|---|---|---|
| 001 | UCY8579 | ||
| 003 | CL-VaPUC | ||
| 008 | 950703e19680000MX |||||||||||||||||spa|d | ||
| 082 | 0 | 4 | |a 372.7 |b NAN |2 21 |
| 100 | |a Nankin, Aaron |e autor |9 340063 | ||
| 245 | 1 | 4 | |a Las matemáticas enseñadas racionalmente |
| 300 | |a 112 p | ||
| 942 | |c BK | ||
| 945 | |d 19950703 00:00:00 |a cmena | ||
| 260 | |a Ciudad de México |b UTEHA |c 1968 | ||
| 650 | 0 | |a Matemática |9 260235 | |
| 650 | 0 | |a Métodos de enseñanza |9 270413 | |
| 650 | 0 | |a Planificación de la educación |9 307333 | |
| 650 | 7 | |a TESTS DE PROGRESO ESCOLAR |2 CL-VaPUC |9 339860 | |
| 583 | |a last modification |c 19950703 00:00:00 |k Rodrigo Vera | ||
| 490 | 0 | |a Manual UTEHA breve. Sección 17, educación, 386 | |
| 999 | |c 235810 |d 235808 | ||
| 952 | |0 0 |1 0 |4 0 |6 372_700000000000000_NAN_1968 |7 0 |8 P |9 243460 |a BIBEDU |b BIBEDU |c BIBEDU_PB |d 2019-11-18 |i 1526065 |o 372.7 NAN 1968 |p 1526065 |r 2024-01-25 |w 2019-11-18 |y BK |k EDU | ||